LEADER 01580nam 2200397 450 001 9910704582303321 005 20130911155747.0 035 $a(CKB)5470000002441879 035 $a(OCoLC)837660338 035 $a(EXLCZ)995470000002441879 100 $a20130410d2012 ua 0 101 0 $aeng 135 $aurbn||||a|||| 181 $ctxt$2rdacontent 182 $cc$2rdamedia 183 $acr$2rdacarrier 200 14$aThe future of NASA $eperspectives on strategic vision for America's space program : hearing before the Committee on Science, Space, and Technology, House of Representatives, One Hundred Twelfth Congress, second session, Wednesday, December 12, 2012 210 1$aWashington :$cU.S. Government Printing Office,$d2012. 215 $a1 online resource (iv, 130 pages) $cillustrations 300 $aTitle from title screen (viewed Apr. 10, 2013). 300 $aPaper version available for sale by the Superintendent of Documents, U.S. Government Printing Office. 300 $a"Serial no. 112-110." 320 $aIncludes bibliographical references. 517 $aFuture of NASA 606 $aSpace sciences$zUnited States$xPlanning 606 $aAeronautics$xResearch$zUnited States$xPlanning 606 $aAstrophysics$xResearch$zUnited States$xPlanning 615 0$aSpace sciences$xPlanning. 615 0$aAeronautics$xResearch$xPlanning. 615 0$aAstrophysics$xResearch$xPlanning. 801 0$bGPO 801 1$bGPO 906 $aBOOK 912 $a9910704582303321 996 $aThe future of NASA$93216926 997 $aUNINA